[Event "EU-ch U14 Girls"]
[Site "Batumi"]
[Date "2010.09.27"]
[Round "8"]
[White "Stoeri, Laura"]
[Black "Chachia, Mariam"]
[Result "1-0"]
[WhiteElo "1938"]
[BlackElo "1655"]
[PlyCount "115"]
[EventDate "2010.09.20"]
[EventType "swiss"]
[EventRounds "9"]
[EventCountry "GEO"]
[SourceTitle "CBM 138 Extra"]
[Source "ChessBase"]
[SourceDate "2010.10.29"]
[SourceVersion "1"]
[SourceVersionDate "2010.10.29"]
[SourceQuality "1"]

1. e4 c5 2. Nf3 d6 3. d4 cxd4 4. Nxd4 Nf6 5. Nc3 Nc6 6. Be2 e6 7. Be3 Be7 8. 0-0 0-0 9. f4 a6 10. a4 Bd7 11. Nb3 b6 12. Bf3 Rb8 13. Qe2 Qc8 14. g4 Na5 15. g5 Ne8 16. Nd2 Bd8 17. Bg2 b5 18. axb5 axb5 19. Qh5 f6 20. g6 hxg6 21. Qxg6 f5 22. exf5 Rf6 23. Qg3 Rxf5 24. Be4 Rf6 25. Bd4 Rh6 26. Bg6 Nc6 27. Be3 Bb6 28. Bxb6 Rxb6 29. Rf2 Ne7 30. Bd3 Bc6 31. Nf3 Nf5 32. Bxf5 exf5 33. Rd1 b4 34. Nd5 Bxd5 35. Rxd5 Qe6 36. Rd1 Rg6 37. Ng5 Qd7 38. Qb3+ Kh8 39. Rd3 Rb7 40. Rg2 Qe7 41. Re3 Qd7 42. Qa2 Rc7 43. Kh1 d5 44. Qa5 Rc8 45. Qxb4 Nd6 46. Qd4 Ne4 47. Nxe4 Rxg2 48. Nc5 Rxh2+ 49. Kxh2 Qf7 50. c3 Rc6 51. Rh3+ Kg8 52. Nd3 Ra6 53. Nb4 Rd6 54. Qe5 Rd8 55. Rg3 g6 56. Rh3 Qg7 57. Qxg7+ Kxg7 58. Rd3 1-0

[Event "EU-ch U14 Girls"]
[Site "Batumi"]
[Date "2010.09.22"]
[Round "3"]
[White "Chachia, Mariam"]
[Black "Patel, Yesim"]
[Result "1-0"]
[WhiteElo "1655"]
[BlackElo "1820"]
[PlyCount "77"]
[EventDate "2010.09.20"]
[EventType "swiss"]
[EventRounds "9"]
[EventCountry "GEO"]
[SourceTitle "CBM 138 Extra"]
[Source "ChessBase"]
[SourceDate "2010.10.29"]
[SourceVersion "1"]
[SourceVersionDate "2010.10.29"]
[SourceQuality "1"]

1. d4 Nf6 2. Nf3 g6 3. g3 Bg7 4. Bg2 0-0 5. 0-0 d6 6. b3 c5 7. e3 Nc6 8. Bb2 cxd4 9. exd4 Qc7 10. c4 e5 11. Nc3 Bg4 12. Nb5 Qb8 13. d5 Ne7 14. h3 Bh5 15. g4 Nxg4 16. hxg4 Bxg4 17. Qd2 a6 18. Nc3 h6 19. Nh2 Bh5 20. Ne4 Nf5 21. Ba3 Rd8 22. c5 dxc5 23. Bxc5 b6 24. Be3 g5 25. Rac1 Nh4 26. Bxg5 Nxg2 27. Bxd8 Nf4 28. Bc7 Qe8 29. Ng3 Bg6 30. Ne2 Nh3+ 31. Kh1 Qd7 32. Qe3 Qxd5+ 33. f3 e4 34. Rfd1 Qh5 35. Ng3 Qh4 36. Kg2 exf3+ 37. Nxf3 Qg4 38. Rc4 Qc8 39. Rd8+ 1-0